LEADER 02844oas 2201009 a 450 001 9911047864303321 005 20251106213014.0 011 $a1878-1470 035 $a(DE-599)ZDB2099362-6 035 $a(DE-599)2099362-6 035 $a(OCoLC)50177604 035 $a(CONSER) 2004252307 035 $a(CKB)111030117704002 035 $a(EXLCZ)99111030117704002 100 $a20020716a20029999 sy a 101 0 $aeng 135 $aurmnu|||||||| 181 $ctxt$2rdacontent 182 $cc$2rdamedia 183 $acr$2rdacarrier 200 10$aHarmful algae 210 $a[Amsterdam] ;$a[New York] $cElsevier Science$dİ2002- 300 $aRefereed/Peer-reviewed 300 $aTitle from table of contents screen (ScienceDirect, viewed Mar. 2, 2004). 311 08$a1568-9883 606 $aToxic algae$vPeriodicals 606 $aMicroalgae$vPeriodicals 606 $aMicroalgae$xControl$vPeriodicals 606 $aCyanobacteria$vPeriodicals 606 $aCyanobacteria$xControl$vPeriodicals 606 $aAlgal blooms$vPeriodicals 606 $aAlgal blooms$xMonitoring$vPeriodicals 606 $aAlgues toxiques$vPe?riodiques 606 $aMicroalgues$vPe?riodiques 606 $aCyanobacte?ries$vPe?riodiques 606 $aPousse?es phytoplanctoniques$vPe?riodiques 606 $aAlgal blooms$2fast$3(OCoLC)fst00804872 606 $aAlgal blooms$xMonitoring$2fast$3(OCoLC)fst00804876 606 $aCyanobacteria$2fast$3(OCoLC)fst00885738 606 $aCyanobacteria$xControl$2fast$3(OCoLC)fst00885741 606 $aMicroalgae$2fast$3(OCoLC)fst01019458 606 $aToxic algae$2fast$3(OCoLC)fst01153324 608 $aPeriodicals.$2fast 615 0$aToxic algae 615 0$aMicroalgae 615 0$aMicroalgae$xControl 615 0$aCyanobacteria 615 0$aCyanobacteria$xControl 615 0$aAlgal blooms 615 0$aAlgal blooms$xMonitoring 615 6$aAlgues toxiques 615 6$aMicroalgues 615 6$aCyanobacte?ries 615 6$aPousse?es phytoplanctoniques 615 7$aAlgal blooms. 615 7$aAlgal blooms$xMonitoring. 615 7$aCyanobacteria. 615 7$aCyanobacteria$xControl. 615 7$aMicroalgae. 615 7$aToxic algae. 801 0$bOUN 801 1$bOUN 801 2$bOCLCQ 801 2$bCUS 801 2$bDLC 801 2$bOCLCQ 801 2$bWAU 801 2$bGUA 801 2$bAZU 801 2$bOCLCQ 801 2$bOCLCO 801 2$bOCLCQ 801 2$bOCLCF 801 2$bBWN 801 2$bLUU 801 2$bOCLCQ 801 2$bUAB 801 2$bUEJ 801 2$bIL4I4 801 2$bCSU 801 2$bCNNAI 801 2$bAU@ 801 2$bOCLCQ 906 $aJOURNAL 912 $a9911047864303321 996 $aHARMFUL algae$9397371 997 $aUNINA